The Chemistry of soil processes / (Record no. 16531)

000 -LEADER
fixed length control field 00475cam a2200169 i 4500
020 ## - INTERNATIONAL STANDARD BOOK NUMBER
ISBN 0471276936 :
040 ## - CATALOGING SOURCE
Transcribing agency DLC
082 00 - DEWEY DECIMAL CLASSIFICATION NUMBER
Classification number 631 J.WI 1981 A106 Or.
245 04 - TITLE STATEMENT
Title The Chemistry of soil processes /
260 ## - PUBLICATION, DISTRIBUTION, ETC. (IMPRINT)
Place of publication Chichester [Eng.] ;
-- New York :
Name of publisher J. Wiley,
Year of publication c1981.
300 ## - PHYSICAL DESCRIPTION
Number of Pages xiii, 714 p. :
Other physical details ill. ;
Dimensions 24 cm.
500 ## - GENERAL NOTE
General note "A Wiley-Interscience publication."
650 #0 - SUBJECT ADDED ENTRY--TOPICAL TERM
Topical Term Soil chemistry.
700 1# - ADDED ENTRY--PERSONAL NAME
Personal name Greenland, D. J.
700 1# - ADDED ENTRY--PERSONAL NAME
Personal name Hayes, M. H. B.
942 ## - ADDED ENTRY ELEMENTS (KOHA)
Koha item type សៀវភៅភាសាអង់គ្លេស
952 ## - LOCATION AND ITEM INFORMATION (KOHA)
Withdrawn status [LOCAL, KOHA] 0
Holdings
Permanent Location Date acquired Koha item type Lost status Shelving location Barcode Current Location Full call number
Library Block A2018-03-05សៀវភៅភាសាអង់គ្លេស A107A12102Library Block A631 J.WI 1981 A107 Or.
មជ្ឈមណ្ឌលឯការនៃសាកលវិទ្យាល័យភូមិន្ទកសិកម្មចំការដូង

Powered by Koha